| 000 | 00368nam a2200145Ia 4500 | ||
|---|---|---|---|
| 008 | 150201s2004 xx 000 0 und d | ||
| 082 |
_a617.525 _bP2004M |
||
| 100 | _aMILORO,MICHAEL | ||
| 245 | _aPRINCIPLES OF ORAL & MAXILLOFACIAL SURGERY | ||
| 250 | _a2ND | ||
| 260 |
_bB.C.DECKER _aTORONTO _c2004 |
||
| 300 | _a1-766 | ||
| 650 | _aORAL SURGERY | ||
| 942 |
_2ddc _cBK _01 |
||
| 999 |
_c3749 _d3749 |
||